19 Existential/Absurdist Works Quiz Stats

 Plays Quiz not verified by Sporcle

Score 0/19 Timer 05:00
0 Plays Today
Publication year and Author Work Title % Correct
1942, Albert CamusThe Stranger
81.1%
1969, Kurt Vonnegut jr.Slaughterhouse-Five
72.1%
1925, Franz KafkaThe Trial
70.3%
1961, Joseph HellerCatch-22
68.5%
1953, Samuel BeckettWaiting for Godot
66.3%
1938, Jean-Paul SartreNausea
64.9%
1880, Fjodor DostojevskijThe Brothers Karamazov
55.8%
1984, Milan KunderaThe Unbearable Lightness of Being
50.5%
1944, Jean-Paul SartreNo Exit
49%
1926, Franz KafkaThe Castle
48.1%
Publication year and Author Work Title % Correct
1885, Friedrich NietzscheThus Spoke Zarathustra
43.3%
1942, Albert CamusThe Myth of Sisyphus
43.3%
1864, Fjodor DostojevskijNotes from Underground
43.2%
1968, Philip K. DickDo Androids Dream of Electric Sheep?
41.3%
1927, Hermann HesseSteppenwolf
35.1%
1966, Tom StoppardRosencrantz and Guildenstern Are Dead
28.8%
1959, Eugène IonescoRhinoceros
26.9%
1951, Samuel BeckettMolloy or Malone dies
22.5%
1932, Louis-Ferdinand CélineJourney to the End of the Night
18.9%

You're not logged in!

Compare scores with friends on all Sporcle quizzes.
OR
Log In

Sporcle TV

Today on Sporcle TV


Watch our educational content, quiz creation guides, and fun videos on Sporcle TV.

Show Comments

Extras

Top Quizzes Today


Score Distribution

Your Account Isn't Verified!

In order to create a playlist on Sporcle, you need to verify the email address you used during registration. Go to your Sporcle Settings to finish the process.

Report this User

Report this user for behavior that violates our Community Guidelines.

Details: